000 00542nam a2200229Ia 4500
003 OSt
005 20221005131922.0
006 a|||||r|||| 00| 0
007 ta
008 221004b |||||||| |||| 00| 0 eng d
024 _a47294
037 _cTextual
040 _aCRL
_cCRL
_beng
041 _2eng
_aeng
082 _aNW21, 31M1
100 _aNarayanan Au.
245 0 _aTamil sinimavinkadai
260 _c1981
650 _aARTS
942 _hNW21, 31M1
_cTEXL
_2cc
999 _c1061835
_d1061835